[Event "ARG-ch sf 94th"]
[Site "Buenos Aires"]
[Date "2019.04.04"]
[Round "6"]
[White "Claverie, Raul Ricardo"]
[Black "Zapata Charles, Santiago"]
[Result "1-0"]
[WhiteElo "2519"]
[BlackElo "2303"]
[PlyCount "65"]
[EventDate "2019.03.30"]
[EventType "swiss"]
[EventRounds "9"]
[EventCountry "ARG"]
[SourceTitle "CBM 189 Extra"]
[Source "ChessBase"]
[SourceDate "2019.06.03"]
[SourceVersion "1"]
[SourceVersionDate "2019.06.03"]
[SourceQuality "1"]

1. e4 e5 2. Bc4 Nc6 3. Nf3 Nf6 4. d3 Bc5 5. Nc3 d6 6. Bg5 h6 7. Bxf6 Qxf6 8. Nd5 Qd8 9. c3 a6 10. d4 exd4 11. cxd4 Ba7 12. h3 0-0 13. 0-0 b5 14. Bb3 Bb7 15. a4 Ne7 16. Qd3 bxa4 17. Rxa4 Nxd5 18. Bxd5 c6 19. Bc4 a5 20. e5 d5 21. Bb3 Bc8 22. Bc2 g6 23. Qd2 Kg7 24. Rxa5 Bb7 25. Rfa1 Bb6 26. Rxa8 Bxa8 27. Qb4 Bb7 28. Ra3 Bc8 29. Rb3 Bc7 30. Qc5 Qe8 31. Rc3 Bd7 32. Ba4 Qa8 33. Bxc6 1-0

[Event "Buenos Aires La Porta Cup"]
[Site "Buenos Aires"]
[Date "2019.03.28"]
[Round "8"]
[White "Zapata Charles, Santiago"]
[Black "Saldano Dayer, Horacio"]
[Result "1/2-1/2"]
[WhiteElo "2303"]
[BlackElo "2422"]
[PlyCount "45"]
[EventDate "2019.03.20"]
[EventType "swiss"]
[EventRounds "9"]
[EventCountry "ARG"]
[SourceTitle "CBM 189 Extra"]
[Source "ChessBase"]
[SourceDate "2019.06.03"]
[SourceVersion "1"]
[SourceVersionDate "2019.06.03"]
[SourceQuality "1"]

1. e4 c6 2. d4 d5 3. e5 Bf5 4. h4 Qc7 5. Nc3 a6 6. h5 h6 7. g4 Bd7 8. Na4 e6 9. Nf3 c5 10. Nxc5 Bxc5 11. dxc5 Nc6 12. Be3 0-0-0 13. Be2 f6 14. exf6 Nxf6 15. Nh4 d4 16. Bd2 Ne4 17. Ng6 Rhf8 18. Nxf8 Rxf8 19. 0-0 Ng3 20. fxg3 Qxg3+ 21. Kh1 Qh3+ 22. Kg1 Qg3+ 23. Kh1 1/2-1/2

[Event "Buenos Aires La Porta Cup"]
[Site "Buenos Aires"]
[Date "2019.03.23"]
[Round "4"]
[White "Zapata Charles, Santiago"]
[Black "Acosta, Pablo Ismael"]
[Result "1/2-1/2"]
[WhiteElo "2303"]
[BlackElo "2467"]
[PlyCount "105"]
[EventDate "2019.03.20"]
[EventType "swiss"]
[EventRounds "9"]
[EventCountry "ARG"]
[SourceTitle "CBM 189 Extra"]
[Source "ChessBase"]
[SourceDate "2019.06.03"]
[SourceVersion "1"]
[SourceVersionDate "2019.06.03"]
[SourceQuality "1"]

1. e4 d6 2. d4 Nf6 3. Nc3 Nbd7 4. Nf3 e5 5. Bc4 Be7 6. 0-0 0-0 7. Re1 c6 8. a4 h6 9. Ba2 Re8 10. h3 Qc7 11. Nh4 Nf8 12. dxe5 dxe5 13. Qf3 Be6 14. Nf5 Bxa2 15. Rxa2 Ne6 16. Ne2 Rad8 17. Neg3 Kh7 18. Be3 Ng8 19. Raa1 Bb4 20. c3 Bf8 21. Nf1 g6 22. N5g3 a5 23. Nd2 Rd3 24. Nc4 Bc5 25. Rad1 Red8 26. Rxd3 Rxd3 27. Rd1 Rxd1+ 28. Qxd1 Bxe3 29. Nxe3 Nf6 30. Nc4 b5 31. axb5 cxb5 32. Ne3 Nf4 33. f3 Qc5 34. Ngf1 a4 35. Kh2 Kg7 36. g3 Ne6 37. Qd2 h5 38. Kg2 h4 39. gxh4 Nf4+ 40. Kh2 Ne8 41. Ng3 Qc8 42. Ng4 f6 43. Ne2 Nxe2 44. Qxe2 Qd7 45. Qe3 Kf7 46. Qh6 Qd1 47. Qh7+ Kf8 48. Qxg6 Qxf3 49. h5 Nd6 50. Nxf6 Qf2+ 51. Kh1 Qf1+ 52. Kh2 Qf2+ 53. Kh1 1/2-1/2

[Event "Buenos Aires La Porta Cup"]
[Site "Buenos Aires"]
[Date "2019.03.22"]
[Round "3"]
[White "Axarlian, Carlos"]
[Black "Zapata Charles, Santiago"]
[Result "0-1"]
[WhiteElo "2089"]
[BlackElo "2303"]
[PlyCount "68"]
[EventDate "2019.03.20"]
[EventType "swiss"]
[EventRounds "9"]
[EventCountry "ARG"]
[SourceTitle "CBM 189 Extra"]
[Source "ChessBase"]
[SourceDate "2019.06.03"]
[SourceVersion "1"]
[SourceVersionDate "2019.06.03"]
[SourceQuality "1"]

1. e4 e6 2. d4 d5 3. Nc3 Bb4 4. e5 c5 5. a3 Bxc3+ 6. bxc3 Qa5 7. Bd2 Qa4 8. Qg4 Kf8 9. h4 Nc6 10. Nf3 Nge7 11. h5 h6 12. Qf4 Qxc2 13. dxc5 Qe4+ 14. Be2 b6 15. cxb6 axb6 16. Rh4 Qxf4 17. Rxf4 g5 18. Rg4 Nf5 19. a4 Ba6 20. c4 dxc4 21. Bxc4 Kg7 22. Rb1 Rhb8 23. Bxa6 Rxa6 24. Rc4 Nfe7 25. Rbc1 b5 26. axb5 Rxb5 27. Be3 Nb4 28. Kf1 Nd3 29. R1c2 Nd5 30. Bc1 Ra1 31. Ne1 Nxe1 32. Kxe1 Nf4 33. g3 Nd3+ 34. Kf1 Rbb1 0-1

[Event "Buenos Aires La Porta Cup"]
[Site "Buenos Aires"]
[Date "2019.03.20"]
[Round "1"]
[White "Ricconi, Guillermo Ruben"]
[Black "Zapata Charles, Santiago"]
[Result "0-1"]
[WhiteElo "1795"]
[BlackElo "2303"]
[PlyCount "56"]
[EventDate "2019.03.20"]
[EventType "swiss"]
[EventRounds "9"]
[EventCountry "ARG"]
[SourceTitle "CBM 189 Extra"]
[Source "ChessBase"]
[SourceDate "2019.06.03"]
[SourceVersion "1"]
[SourceVersionDate "2019.06.03"]
[SourceQuality "1"]

1. d4 Nf6 2. Nf3 g6 3. e3 Bg7 4. Nbd2 0-0 5. Bc4 d5 6. Bb3 c5 7. c3 Nc6 8. 0-0 Bf5 9. dxc5 Qa5 10. Nd4 Bd3 11. Re1 Qxc5 12. N2f3 Ba6 13. Ng5 e5 14. Nxc6 bxc6 15. Nf3 Rfe8 16. Bd2 Qd6 17. h3 Rad8 18. Rc1 Ne4 19. Bc2 f5 20. Nh2 c5 21. Nf1 Bh6 22. b3 Qf6 23. f3 Nxd2 24. Nxd2 d4 25. cxd4 exd4 26. e4 d3 27. Bb1 Qb2 28. Rxc5 Qd4+ 0-1

[Event "Montevideo Duchamp Cup 3rd"]
[Site "Montevideo"]
[Date "2019.02.15"]
[Round "8"]
[White "Durante, Aurelio"]
[Black "Zapata Charles, Santiago"]
[Result "0-1"]
[WhiteElo "1941"]
[BlackElo "2300"]
[PlyCount "64"]
[EventDate "2019.02.09"]
[EventType "swiss"]
[EventRounds "9"]
[EventCountry "URU"]
[SourceTitle "CBM 188 Extra"]
[Source "ChessBase"]
[SourceDate "2019.02.26"]
[SourceVersion "1"]
[SourceVersionDate "2019.02.26"]
[SourceQuality "1"]

1. e4 e6 2. d3 c5 3. Nf3 Nc6 4. g3 g6 5. Bg2 Bg7 6. 0-0 Nge7 7. Re1 0-0 8. Nc3 d5 9. e5 h6 10. h4 f6 11. Bf4 fxe5 12. Nxe5 Nxe5 13. Bxe5 Bxe5 14. Rxe5 Nc6 15. Re1 Qf6 16. Qd2 Kg7 17. Nb5 Qxb2 18. Rab1 Qf6 19. Nd6 b6 20. c4 Bd7 21. cxd5 exd5 22. Nb5 Rad8 23. Bxd5 Ne5 24. f4 Ng4 25. Be4 Bxb5 26. Rxb5 Qd4+ 27. Kg2 Rfe8 28. Bf3 Ne3+ 29. Kh2 Qxd3 30. Qb2+ Qd4 31. Kg1 Nc2+ 32. Qxd4+ Nxd4 0-1

[Event "Montevideo Duchamp Cup 3rd"]
[Site "Montevideo"]
[Date "2019.02.14"]
[Round "7"]
[White "Zapata Charles, Santiago"]
[Black "Soto, Nicolas"]
[Result "1-0"]
[WhiteElo "2300"]
[BlackElo "1982"]
[PlyCount "67"]
[EventDate "2019.02.09"]
[EventType "swiss"]
[EventRounds "9"]
[EventCountry "URU"]
[SourceTitle "CBM 188 Extra"]
[Source "ChessBase"]
[SourceDate "2019.02.26"]
[SourceVersion "1"]
[SourceVersionDate "2019.02.26"]
[SourceQuality "1"]

1. e4 e6 2. d4 d5 3. Nd2 Nf6 4. e5 Nfd7 5. Bd3 c5 6. c3 Nc6 7. Ne2 cxd4 8. cxd4 f6 9. Nf4 Nxd4 10. Qh5+ Ke7 11. exf6+ Nxf6 12. Ng6+ hxg6 13. Qxh8 Kf7 14. 0-0 e5 15. Nb3 Nf5 16. Bg5 e4 17. Be2 Nh6 18. Rac1 Qd6 19. f3 Qe5 20. Be3 exf3 21. Rxf3 Bf5 22. Bd4 Qd6 23. Re3 Rd8 24. Be5 Qb6 25. Rc7+ Bd7 26. Nd4 Be7 27. Rxd7 Rxh8 28. Rxe7+ Kg8 29. Rb3 Qa5 30. Rbxb7 Qe1+ 31. Bf1 Nf5 32. Nxf5 gxf5 33. Bxf6 Qxe7 34. Bxe7 1-0

[Event "Montevideo Duchamp Cup 3rd"]
[Site "Montevideo"]
[Date "2019.02.12"]
[Round "5"]
[White "Zapata Charles, Santiago"]
[Black "Guerrero, Alvaro"]
[Result "1/2-1/2"]
[WhiteElo "2300"]
[BlackElo "2096"]
[PlyCount "87"]
[EventDate "2019.02.09"]
[EventType "swiss"]
[EventRounds "9"]
[EventCountry "URU"]
[SourceTitle "CBM 188 Extra"]
[Source "ChessBase"]
[SourceDate "2019.02.26"]
[SourceVersion "1"]
[SourceVersionDate "2019.02.26"]
[SourceQuality "1"]

1. e4 c6 2. d4 d5 3. e5 Bf5 4. h4 h5 5. Bd3 Bxd3 6. Qxd3 e6 7. Bg5 Qb6 8. Nd2 c5 9. c4 Qa6 10. Ngf3 Nc6 11. 0-0 cxd4 12. a3 Nge7 13. b4 dxc4 14. Nxc4 Nf5 15. Rac1 Qb5 16. Rfe1 Rb8 17. Qd2 Qd5 18. Qf4 b5 19. Nb2 a5 20. Qe4 Qxe4 21. Rxe4 Kd7 22. Nd3 axb4 23. axb4 Ra8 24. Bd2 Ra2 25. Kf1 Be7 26. Ke1 Rc8 27. Kd1 Rc7 28. g3 Rca7 29. Nfe1 R7a3 30. Rc2 Ra1+ 31. Rc1 R1a2 32. Rc2 Rxc2 33. Kxc2 Ra2+ 34. Kc1 g6 35. Nc2 Kc7 36. Kb1 Ra8 37. Kb2 Rd8 38. Kb3 Kb6 39. Nce1 Rd5 40. Nf3 Rd7 41. Bc1 Rd5 42. Bd2 Rd7 43. Bc1 Rd5 44. Bd2 1/2-1/2

[Event "Buenos Aires Szmetan Giardelli op"]
[Site "Buenos Aires"]
[Date "2018.12.08"]
[Round "5"]
[White "Zapata Charles, Santiago"]
[Black "Soria, Angel"]
[Result "1-0"]
[WhiteElo "2300"]
[BlackElo "1803"]
[PlyCount "47"]
[EventDate "2018.12.04"]
[EventType "swiss"]
[EventRounds "9"]
[EventCountry "ARG"]
[SourceTitle "CBM 187 Extra"]
[Source "ChessBase"]
[SourceDate "2018.11.04"]
[SourceVersion "1"]
[SourceVersionDate "2018.11.04"]
[SourceQuality "1"]

1. e4 c5 2. c3 Nf6 3. e5 Nd5 4. Nf3 e6 5. d4 cxd4 6. cxd4 d6 7. Bc4 Be7 8. 0-0 Nc6 9. Qe2 0-0 10. Nc3 Nxc3 11. bxc3 dxe5 12. dxe5 Qc7 13. Bd3 b6 14. Re1 Bb7 15. Ng5 h6 16. Qe4 g6 17. Nxe6 Qxe5 18. Nxf8 Qxe4 19. Bxe4 Bxf8 20. Be3 Rc8 21. Rad1 Ba6 22. Bxc6 Rxc6 23. Rd2 g5 24. Bd4 1-0

[Event "Buenos Aires Szmetan Giardelli op"]
[Site "Buenos Aires"]
[Date "2018.12.05"]
[Round "2"]
[White "Zuriel, Marisa"]
[Black "Zapata Charles, Santiago"]
[Result "0-1"]
[WhiteElo "2153"]
[BlackElo "2300"]
[PlyCount "124"]
[EventDate "2018.12.04"]
[EventType "swiss"]
[EventRounds "9"]
[EventCountry "ARG"]
[SourceTitle "CBM 187 Extra"]
[Source "ChessBase"]
[SourceDate "2018.11.04"]
[SourceVersion "1"]
[SourceVersionDate "2018.11.04"]
[SourceQuality "1"]

1. e4 e5 2. Nf3 Nc6 3. Nc3 Nf6 4. d4 exd4 5. Nxd4 Bb4 6. Nxc6 bxc6 7. Bd3 d6 8. 0-0 Ng4 9. Be2 h5 10. Na4 Qe7 11. c3 Ba5 12. b4 Bb6 13. Nxb6 axb6 14. Qd4 Qe5 15. f4 Qxd4+ 16. cxd4 Ba6 17. Re1 Bxe2 18. Rxe2 Ra4 19. a3 Kd7 20. Bb2 Re8 21. e5 Nh6 22. g3 Nf5 23. Kf2 b5 24. Rc1 g6 25. Rce1 Raa8 26. Rc1 Ne7 27. Rec2 Ra6 28. h3 Nd5 29. Rd1 Nb6 30. Bc1 Nc4 31. Rc3 Ke6 32. Kf3 Rd8 33. Ke4 dxe5 34. fxe5 Nxe5 35. Rc5 Nc4 36. Bf4 Re8 37. Kf3 Rxa3+ 38. Kf2 Ra2+ 39. Kg1 Kd7 40. d5 Ree2 41. dxc6+ Ke6 42. Rxb5 f6 43. h4 Nb2 44. Rb1 Nd3 45. Ra5 Rac2 46. Ra8 Kf5 47. Ra3 Nxb4 48. Bxc7 Nxc6 49. Ra4 Ne7 50. Bb8 Nd5 51. Rf1+ Ke6 52. Ra6+ Kf7 53. Ra7+ Kg8 54. g4 Ne3 55. Rb1 Rb2 56. Rxb2 Rxb2 57. Ra8 Rb1+ 58. Kf2 Nxg4+ 59. Kg3 Kf7 60. Bf4 Rb3+ 61. Kg2 Ke6 62. Ra5 Ne5 0-1

[Event "Villa Martelli ProAm op 25th"]
[Site "Villa Martelli"]
[Date "2018.11.08"]
[Round "6"]
[White "Zapata Charles, Santiago"]
[Black "Flores, Diego"]
[Result "0-1"]
[WhiteElo "2305"]
[BlackElo "2634"]
[PlyCount "102"]
[EventDate "2018.11.03"]
[EventType "swiss"]
[EventRounds "9"]
[EventCountry "ARG"]
[SourceTitle "EXT 2020"]
[Source "ChessBase"]
[SourceDate "2019.10.17"]
[SourceVersion "1"]
[SourceVersionDate "2019.10.17"]
[SourceQuality "1"]

1. e4 d6 2. d4 Nf6 3. Nc3 g6 4. Be3 c6 5. f3 Nbd7 6. Qd2 b5 7. a4 b4 8. Nce2 a5 9. h4 h5 10. Nh3 Ba6 11. Ng5 Qc7 12. Nf4 Bxf1 13. Kxf1 e5 14. Ne2 Bg7 15. Rd1 0-0 16. dxe5 Nxe5 17. Qxd6 Qxd6 18. Rxd6 Nc4 19. Rxc6 Nxe3+ 20. Kf2 Nfg4+ 21. fxg4 Nxg4+ 22. Ke1 Bxb2 23. Rh3 Rfc8 24. Rxc8+ Rxc8 25. Kd2 Bg7 26. Rd3 Bh6 27. Nf4 Rc4 28. Rd5 Nf6 29. Rxa5 Nxe4+ 30. Kd3 Nd6 31. Ne2 Rxh4 32. Nf3 Rg4 33. g3 Nc4 34. Ra8+ Kg7 35. Ned4 Nb2+ 36. Ke2 Re4+ 37. Kf1 Be3 38. Nb5 Bc5 39. a5 Re3 40. Nd2 Rxg3 41. a6 Rg1+ 42. Ke2 Rg2+ 43. Ke1 h4 44. a7 Bxa7 45. Rxa7 h3 46. Nf3 b3 47. cxb3 Nd3+ 48. Kd1 Ne5 49. Nbd4 Nxf3 50. Nxf3 Rf2 51. b4 Rxf3 0-1